Textbook of Nursing Foundation - I (Record no. 1826)

MARC details
000 -LEADER
Fixed length control field 00583nam a2200205Ia 4500
003 - CONTROL NUMBER IDENTIFIER
Control field IIN
005 - DATE AND TIME OF LATEST TRANSACTION
Control field 20250520112107.0
008 - FIXED-LENGTH DATA ELEMENTS--GENERAL INFORMATION
Fixed length control field 250520s2024 xx ad 001 0 eng d
020 ## - INTERNATIONAL STANDARD BOOK NUMBER / ISBN
Price Rs.675.00
International Standard Book Number 9789393885623
040 ## - CATALOGING SOURCE
Original cataloging agency IIN
Language of cataloging English
082 ## - DEWEY DECIMAL CLASSIFICATION NUMBER
Classification number 610.73
Book Number RAJ
100 1# - MAIN ENTRY--PERSONAL NAME
Personal name Raj, D. Elakkuvana Bhaskara
245 ## - TITLE STATEMENT
Title Textbook of Nursing Foundation - I
Sub title including First Aid Module/
Statement of responsibility D. Elakkuvana Bhaskara Raj
250 ## - EDITION STATEMENT
Edition statement 2nd ed
260 ## - IMPRINT
Place of publication Bangalore
Name of publisher EMMESS
Date of publication 2024
300 ## - PHYSICAL DESCRIPTION
Page / Vol. No vi, 412 p.
Other physical details ill.
500 ## - GENERAL NOTE
General note Includes Index
650 1# - SUBJECT ADDED ENTRY--TOPICAL TERM
Topical term Foundation
942 ## - ADDED ENTRY ELEMENTS (KOHA)
Koha item type Books
Holdings
Withdrawn status Lost status Source of classification Damaged status Not for loan Collection code Home library Current library Shelving location Date acquired Price Total Checkouts Call number Accession number Date last seen Price effective from Koha item type
    Dewey Decimal Classification     Purches Book IDEAL INSTITUTE OF NURSING IDEAL INSTITUTE OF NURSING General Stacks 11/03/2025 675.00   610.73 RAJ 2041 20/05/2025 20/05/2025 Books
    Dewey Decimal Classification     Purches Book IDEAL INSTITUTE OF NURSING IDEAL INSTITUTE OF NURSING General Stacks 11/03/2025 675.00   610.73 RAJ 2042 20/05/2025 20/05/2025 Books
© Ideal Institute Of Nursing, All rights reserved.         Powered by Koha